La receta del día : segunda selección de recetas de cocina transmitidas por Radio Metrópoli [y] Notisistema /

Las receta están organizadas en los siguientes tipos de platillos: I. Botansa y bebidas; II. Sopas y pastas; III. Carnes; IV. Aves; V. Pescados y mariscos; VI. Verduras y ensaladas; VII. Salsas y aderezos; VIII. Postres; IX. Antojitos; X. Menús.

Gardado en:
Detalles Bibliográficos
Autor Principal: González Martínez, Ana María (autor)
Outros autores: Medina, Dante (prólogo) (prólogo)
Formato: Libro
Idioma:Lingua castelá
Publicado: Guadalajara, México : Notisistema, 1994, c1994
Temas:
Etiquetas: Engadir etiqueta
Sen Etiquetas, Sexa o primeiro en etiquetar este rexistro!

MARC

LEADER 00000nam^a2200000^a^4500
001 000567703
005 20250526000000.0
009 20260310132132.347
037 |a Acervo ITESO - Biblioteca 
041 |a ESP 
082 |a 641. 50972  |b GON V. 2 
100 |a González Martínez, Ana María  |e (autor) 
240 1 4 |a [La receta del día] 
245 1 3 |a La receta del día :  |b segunda selección de recetas de cocina transmitidas por Radio Metrópoli [y] Notisistema /  |c A.M. González Martínez ; pról. de D. Medina. 
264 4 |a Guadalajara, México :  |b Notisistema,  |c 1994, c1994 
300 |a 298 p. ;  |c 21.0 cm. 
336 |a texto  |b txt  |2 rdacontenido 
337 |a sin mediación  |b n  |2 rdamedio 
338 |a volumen  |b nc  |2 rdasoporte 
520 |a Las receta están organizadas en los siguientes tipos de platillos: I. Botansa y bebidas; II. Sopas y pastas; III. Carnes; IV. Aves; V. Pescados y mariscos; VI. Verduras y ensaladas; VII. Salsas y aderezos; VIII. Postres; IX. Antojitos; X. Menús. 
649 |a XX 
650 |a Recetas -  |z Jalisco 
650 |a Recetarios -  |z México 
650 |a Cocina Jalisciense -  |x Recetarios -  |x Tema Principal 
650 |a Cocina Mexicana -  |x Recetarios -  |x Tema Principal 
650 |a Gastronomía -  |z Jalisco 
650 |a Gastronomía -  |z México 
700 |a Medina, Dante  |e (prólogo) 
910 |a Fondo Jesús Gómez Fregoso S.J. ITE 
920 |a Impresos - Libros 
930 |a Libros Antiguos y Raros 
905 |a 138 
901 |a 0500400834  |b IT2  |c LRA  |i D69286  |u 20250526 
902 |a https://opac.biblio.iteso.mx/vufind/Record/000567703